书目信息 |
| 题名: |
大学生安全教育
|
|
| 作者: | 姜金璞 主编 | |
| 分册: | ||
| 出版信息: | 武汉 武汉大学出版社 2014.03 |
|
| 页数: | 190页 | |
| 开本: | 24cm | |
| 丛书名: | ||
| 单 册: | ||
| 中图分类: | G645.5 , X925 | |
| 科图分类: | ||
| 主题词: | 大学生--da xue sheng--安全教育 | |
| 电子资源: | ||
| ISBN: | 978-7-307-12898-9 | |
| 000 | 01229nam0 2200253 450 | |
| 001 | 0109110034 | |
| 005 | 20201109110332.0 | |
| 010 | @a978-7-307-12898-9@dCNY19.00 | |
| 100 | @a20151126e20202014em y0chiy0110 ea | |
| 101 | 0 | @achi |
| 102 | @aCN@b420000 | |
| 105 | @aak z 000yy | |
| 106 | @ar | |
| 200 | 1 | @a大学生安全教育@Ada xue sheng an quan jiao yu@dSafety education for college students@f姜金璞主编@zeng |
| 210 | @a武汉@c武汉大学出版社@d2014.03@h2020.02 | |
| 215 | @a190页@c图表@d24cm | |
| 330 | @a本书主线从大学生初入校园的安全知识,到大学生活的安全技能、步入社会的安全素养,内容涉及大学生安全方方面面的细节和最新问题,体系全面。本书在保留大学生人身、财物、国家和消防安全等主要传统内容的基础上尽可能地针对近年来大学生安全的变化趋势,吸收了安全教育领域的新思想、新理论、新方法,如分析安全事故发生的区域、地点、时段和大学生的人格特质,用重笔墨写实验室中毒与爆炸事故的防范,以及网络信息、女大学生、雾霾、抑郁与压力、校外参会、登山、求职创业安全等。 | |
| 510 | 1 | @aSafety education for college students@zeng |
| 606 | 0 | @a大学生@Ada xue sheng@x安全教育 |
| 690 | @aG645.5@v5 | |
| 690 | @aX925@v5 | |
| 701 | 0 | @a姜金璞@Ajiang jin pu@f(1965-)@4主编 |
| 801 | 0 | @aCN@bBJSZM@c20201103 |
| 905 | @b1264586-90@dG645.5@e1961@f5 | |
| 大学生安全教育=Safety education for college students/姜金璞主编.-武汉:武汉大学出版社,2014.03(2020.02) |
| 190页:图表;24cm |
| ISBN 978-7-307-12898-9:CNY19.00 |
| 本书主线从大学生初入校园的安全知识,到大学生活的安全技能、步入社会的安全素养,内容涉及大学生安全方方面面的细节和最新问题,体系全面。本书在保留大学生人身、财物、国家和消防安全等主要传统内容的基础上尽可能地针对近年来大学生安全的变化趋势,吸收了安全教育领域的新思想、新理论、新方法,如分析安全事故发生的区域、地点、时段和大学生的人格特质,用重笔墨写实验室中毒与爆炸事故的防范,以及网络信息、女大学生、雾霾、抑郁与压力、校外参会、登山、求职创业安全等。 |
| ● |
| 相关链接 |
|
|
|
|
正题名:大学生安全教育
索取号:G645.5/1961
 
预约/预借
| 序号 | 登录号 | 条形码 | 馆藏地/架位号 | 状态 | 备注 |
| 1 | 1264586 | 212645869 | 第一样本阅览室/ [索取号:G645.5/1961] | 在馆 | |
| 2 | 1264587 | 212645878 | 教育系资料室/ [索取号:G645.5/1961] | 在馆 | |
| 3 | 1264588 | 212645887 | 教育系资料室/ [索取号:G645.5/1961] | 在馆 | |
| 4 | 1264589 | 212645896 | 第四借阅区/ [索取号:G645.5/1961] | 在馆 | |
| 5 | 1264590 | 212645903 | 第四借阅区/ [索取号:G645.5/1961] | 在馆 |